| 000 | 00859nam a2200229 a 4500 | ||
|---|---|---|---|
| 003 | 0 | ||
| 005 | 20250203102151.0 | ||
| 008 | 130830s19uu xx 00 eng d | ||
| 050 |
_aPGS LB 1065 _b.Y59 2013 |
||
| 100 | _aYoo, Ji Min. | ||
| 245 |
_aTime spent with friends and study habits / _cJi Min Yoo. |
||
| 260 |
_aLas PiƱas City, Philippines : _bSouthville International School and Colleges, _c2013. |
||
| 300 |
_a38 p. : _bill. ; _c28 cm. |
||
| 504 | _aIncludes bibliographical references. | ||
| 650 |
_a Study habits _vElementary students. |
||
| 650 |
_aPeer relationships _vEffect on academic performance. |
||
| 650 |
_aSocial interaction _vEffect on learning. |
||
| 650 |
_aFriendship _vEffect on study habits. |
||
| 650 |
_aPeer influence _vLearning behavior. |
||
| 650 |
_aSocial behavior _vEffect on academic achievement. |
||
| 942 |
_2lcc _cPASS |
||
| 999 |
_c99064 _d99064 |
||